Pokémon photo - Statistiques

Statistiques générales
  • Ce quiz a été pris 120 fois
  • Le résultat moyen est 17 sur 21
Statistiques - réponses
Par images Réponse % Correct
Pikachu
100%
Salamèche
97%
Évoli
96%
Bulbizarre
95%
Aquali
94%
Dracaufeu
94%
Mew
93%
Carapuce
92%
Voltali
92%
Pichu
90%
Pyroli
88%
Goupix
84%
Mentali
80%
Lugia
78%
Osselait
77%
Absol
69%
Mewtwo
68%
Reshiram
65%
Mimiqui
57%
Brindibou
54%
Psykwowkwak
0%
Aucun quiz correspondant
Distribution des résultats
% des personnes avec chaque résultat
Percentile par nombre de réponses
Votre historique - résultats
Vous n’avez pas pris ce quiz